000 01034cam a2200337 a 4500
001 17325122
003 PILC
005 20150302085702.0
008 120525s2013 paua b 001 0 eng
010 _a 2012021642
020 _a9781451146332 (pbk. : alk. paper)
020 _a1451146337 (pbk. : alk. paper)
035 _a(DNLM)101585053
040 _aDNLM/DLC
_cDLC
_dDLC
042 _apcc
050 0 0 _aRT 41
_b.N886 2013
060 1 0 _aWY 100.1
082 0 0 _a610.73
245 0 0 _aLippincott's nursing procedures /
246 3 0 _aNursing procedures
250 _a6th ed.
260 _aPhiladelphia :
_bWolters Kluwer/Lippincott Williams & Wilkins Health,
_c[2013]
300 _axvi, 825 pages :
_billustrations ;
_c28 cm
504 _aIncludes bibliographical references and index.
521 _aNursing
650 1 2 _aNursing Care.
710 2 _aLippincott Williams & Wilkins.
906 _a7
_bcbc
_corignew
_d1
_eecip
_f20
_gy-gencatlg
942 _2lcc
_cBK
999 _c283670
_d283670